00357nam a2200133Ia 450000500170000000800410001708200160005810000150007424500480008926000470013730000140018465000120019865000130021020240605022006.0240331s9999 xx 000 0 und d bBALa342.02 aBala, S.S. 0aPeace constitution for Sri LankacS.S. Bala aColombobSwastika ( Private) Limitedc1994 a30 , p ., a Social aPolitics